Instructivos de trabajo para el mantenimiento de redes de cobre y fibra óptica para la empresa DISERPRO
Presenta un instructivo de trabajo para el mantenimiento de redes de cobre y fibra óptica para la empresa DISERPRO, con el presente estudio se pretende organizar y preparar formatos de trabajo que faciliten la realización del mantenimiento de las redes.
| Main Authors: | , |
|---|---|
| Other Authors: | |
| Format: | Tesis Section = Libro |
| Language: | Undetermined Spanish |
| Published: |
Managua
UNI
2014
|
| Subjects: |
| LEADER | 01126nam a2200265Ia 4500 | ||
|---|---|---|---|
| 008 | 240830s9999 xx 000 0 und d | ||
| 040 | |a BIBLIOTECA-RUPAP Mon 658.202 M777 | ||
| 041 | |a spa | ||
| 082 | |a Mon 658.202 M777 | ||
| 100 | 1 | |a Montenegro, Omid Dakhteh | |
| 100 | 1 | |b Hernández Sandino, Cristiana Jhosabee | |
| 245 | 1 | 0 | |a Instructivos de trabajo para el mantenimiento de redes de cobre y fibra óptica para la empresa DISERPRO |
| 260 | |a Managua |b UNI |c 2014 | ||
| 300 | |a 101 p. :il. | ||
| 500 | |a Contiene: anexos y CD. | ||
| 502 | |a Tesis (Ingeniero Mecánico)- UNI, 2014. | ||
| 520 | 3 | |a Presenta un instructivo de trabajo para el mantenimiento de redes de cobre y fibra óptica para la empresa DISERPRO, con el presente estudio se pretende organizar y preparar formatos de trabajo que faciliten la realización del mantenimiento de las redes. | |
| 650 | 7 | |a MAQUINARIA-MANTENIMIENTO | |
| 650 | 7 | |b MANTENIMIENTO DE REDES TELEFONICAS | |
| 650 | 7 | |c FIBRA OPTICA | |
| 650 | 7 | |d TRANSFERENCIA DE DATOS | |
| 700 | 1 | |a Tutor: |b Ramírez Velásquez, Wilmer José | |
| 942 | |c BK |2 ddc | ||
| 991 | |a TESIS | ||
| 999 | |c 17041 | ||